Prime League Swiss Unihockey - Statistics

General Stats
  • This quiz has been taken 7 times
  • The average score is 6 of 12
Answer Stats
Answer % Correct
Grasshopper Zürich
100%
Basel
86%
Zug
71%
Alligator Malans
43%
Köniz
43%
Langnau
43%
Rychenberg
43%
UCH Uster
43%
Waldkirch St. Gallen
43%
Chur Unihockey
29%
Thurgau
29%
Wiler Ersigen
29%
No matching quizzes found
Score Distribution
Percent of People with Each Score
Percentile by Number Answered
Your Score History
You have not taken this quiz